Guía de Granada (Record no. 76454)

MARC details
000 -LEADER
campo de control de longitud fija 00700nam a2200181 i 4500
001 - NÚMERO DE CONTROL
campo de control 76454
003 - IDENTIFICADOR DE NÚMERO DE CONTROL
campo de control ES-MaACL
005 - FECHA Y HORA DE LA ÚLTIMA TRANSACCIÓN
campo de control 20230906172839.0
007 - CAMPO FIJO DE DESCRIPCIÓN FÍSICA--INFORMACIÓN GENERAL
campo de control de longitud fija t|
008 - DATOS DE LONGITUD FIJA--INFORMACIÓN GENERAL
campo de control de longitud fija 041001s1911 sp ||||1| spa d
245 00 - MENCIÓN DEL TÍTULO
Título Guía de Granada
Resto del título : (Granada, Almería, Málaga y Jaén).
260 ## - PUBLICACIÓN, DISTRIBUCIÓN, ETC.
Lugar de publicación, distribución, etc. Granada :
Nombre del editor, distribuidor, etc. [s.n.,
Fecha de publicación, distribución, etc. 1911] (
Fabricante El Defensor de Granada)
300 ## - DESCRIPCIÓN FÍSICA
Extensión 200 p. ;
Dimensiones 19 cm.
500 ## - NOTA GENERAL
Nota general Precede al tit.: Congreso de la Asociación Española para el Progreso de las Ciencias.
710 2# - ENTRADA AGREGADA--NOMBRE DE ENTIDAD CORPORATIVA
Nombre de entidad corporativa o nombre de jurisdicción como elemento de entrada Asociación Española para el Progreso de las Ciencias.
Unidad subordinada Congreso (
Número del congreso/reunión o número de parte o sección 3º.
Fecha del congreso o de la firma del tratado 1911.
Sede del congreso/Lugar de la reunión Granada)
9 (RLIN) 1698
710 2# - ENTRADA AGREGADA--NOMBRE DE ENTIDAD CORPORATIVA
Nombre de entidad corporativa o nombre de jurisdicción como elemento de entrada Asociación Española para el Progreso de las Ciencias.
9 (RLIN) 1705
852 ## - LOCALIZACIÓN
Ubicación ES-MaACL
Número de control de estantería D-911
Holdings
Estatus retirado Estado de pérdida Estado de daño No para préstamo Biblioteca de origen Biblioteca actual Ubicación en estantería Fecha de adquisición Fuente de adquisición Total de préstamos Signatura topográfica completa Código de barras Visto por última vez Precio de reemplazo Tipo de ítem Koha
        Biblioteca del Ateneo de Madrid Biblioteca del Ateneo de Madrid Sala Valle Inclán 17/01/2008     D-911 901080007 23/02/2023 23/02/2023 Libro impreso